000 00452cam a2200193ua 4500
001 4023
005 20260515113754.0
008 111213n ii |||gr||||Z||||||asm
040 _cMAIN
082 _a891.4511
100 1 _aSarma, Kanak Chandra,
245 1 1 _aBiakhari
_cby Kanak Chandra Sarma
250 _a1st.
260 _aGuwahati:
_bBhabani Sarma,993.
300 _a52p:
_c23cm.
653 _aAssamese poem
653 _aBiakhari
942 _cBK
999 _c3843
_d3843